Программно-технические средства всережимного моделирования в реальном времени статических синхронных компенсаторов в электроэнергетических системах: диссертация на соискание ученой степени кандидата технических наук; спец. 05.14.02

Detalles Bibliográficos
Autor Principal: Васильев А. С. Алексей Сергеевич
Autor Corporativo: Национальный исследовательский Томский политехнический университет (ТПУ) Кафедра "Электроэнергетические системы"
Outros autores: Боровиков Ю. С. Юрий Сергеевич (научный руководитель)
Summary:Защищена 26.06.2013 г.
Idioma:ruso
Publicado: Томск, 2013
Subjects:
Formato: MixedMaterials Libro
KOHA link:https://koha.lib.tpu.ru/cgi-bin/koha/opac-detail.pl?biblionumber=241151

MARC

LEADER 00000nbm0a2200000 4500
001 241151
005 20231220162400.0
035 |a (RuTPU)RU\TPU\book\262417 
035 |a RU\TPU\book\262416 
090 |a 241151 
100 |a 20130703j20130626k y0rusy50 ca 
101 0 |a rus 
102 |a RU 
105 |a a m 001zy 
200 1 |a Программно-технические средства всережимного моделирования в реальном времени статических синхронных компенсаторов в электроэнергетических системах  |e диссертация на соискание ученой степени кандидата технических наук  |e спец. 05.14.02  |f А. С. Васильев  |g Национальный исследовательский Томский политехнический университет (ТПУ), Кафедра "Электроэнергетические системы" ; науч. рук. Ю. С. Боровиков 
210 |a Томск  |d 2013 
215 |a 149 л.  |c ил. 
300 |a Защищена 26.06.2013 г. 
320 |a Библиогр.: с. 137-149 (107 назв.). 
452 1 |0 (RuTPU)RU\TPU\book\344218  |t Программно-технические средства всережимного моделирования в реальном времени статических синхронных компенсаторов в электроэнергетических системах  |o диссертация на соискание ученой степени кандидата технических наук  |o спец. 05.14.02  |f А. С. Васильев  |g Национальный исследовательский Томский политехнический университет (ТПУ) ; науч. рук. Ю. С. Боровиков  |c Томск  |d 2013  |a Васильев, Алексей Сергеевич 
606 1 |a Компенсаторы синхронные  |x Эксплуатация  |2 stltpush  |3 (RuTPU)RU\TPU\subj\14990  |9 41304 
610 1 |a электроэнергетические системы 
610 1 |a статические компенсаторы 
610 1 |a моделирование 
610 1 |a гибридные процессоры 
610 1 |a СТАТКОМ 
610 1 |a компьютерное моделирование 
610 1 |a диссертации 
610 1 |a труды учёных ТПУ 
675 |a 621.313.325(04)  |v 3 
686 |a 05.14.02  |2 oksvnk 
700 1 |a Васильев  |b А. С.  |c специалист в области электроэнергетики  |c доцент Томского политехнического университета, кандидат технических наук  |f 1986-  |g Алексей Сергеевич  |3 (RuTPU)RU\TPU\pers\30301  |9 14647 
702 1 |a Боровиков  |b Ю. С.  |c специалист в области электроэнергетики  |c проректор-директор Энергетического института Томского политехнического университета, кандидат технических наук  |f 1978-  |g Юрий Сергеевич  |3 (RuTPU)RU\TPU\pers\27067  |4 727 
712 0 2 |a Национальный исследовательский Томский политехнический университет (ТПУ)  |b Кафедра "Электроэнергетические системы"  |c (2009- )  |3 (RuTPU)RU\TPU\col\15902 
801 1 |a RU  |b 63413507  |c 20130703 
801 2 |a RU  |b 63413507  |c 20160504  |g RCR 
942 |c BK